Les Ballons d'or (années en 5) - Statistiques

Statistiques générales
  • Ce quiz a été pris 74 fois
  • Le résultat moyen est 5 sur 6
Statistiques - réponses
Année Nationalité Ballon d'or % Correct
2015 Argentine Lionel Messi
100%
1985 France Michel Platini
100%
2005 Brésil Ronaldinho
99%
1995 Libéria George Weah
97%
1965 Portugal Eusébio
93%
1975 Union soviétique Oleg Blokhine
39%
Aucun quiz correspondant
Distribution des résultats
% des personnes avec chaque résultat
Percentile par nombre de réponses
Votre historique - résultats
Vous n’avez pas pris ce quiz